Bokoblin Types in The Legend of Zelda: Breath of the Wild - Statistics

General Stats
  • This quiz has been taken 39 times
  • The average score is 4 of 5
Answer Stats
Answer % Correct
Regular Game Blue Bokoblin
100%
Regular Game Black Bokoblin
96%
Regular Game Silver Bokoblin
96%
DLC Gold Bokoblin
89%
Regular Game Bokoblin
67%
No matching quizzes found
Score Distribution
Percent of People with Each Score
Percentile by Number Answered
Your Score History
You have not taken this quiz